000 00422nam a2200169Ia 4500
999 _c30569
_d30569
003 OSt
005 20250524172113.0
008 250310s9999||||xx |||||||||||||| ||und||
040 _c.
082 _a823.912
_bH6157
100 _94842
_aHeyer, Georgette
245 0 _aThe Masqueraders /
_cGeorgette Heyer
260 _aLondon :
_bHeinemann,
_c1928.
300 _a288 p.
690 _92474
_aEnglish fiction
942 _cBK
_2ddc